| 000 | 00386nam a2200133Ia 4500 | ||
|---|---|---|---|
| 008 | 220216s9999 xx 000 0 und d | ||
| 100 | _aMydin K.K. | ||
| 245 | 2 | _aA manual on breeding of Hevea brasiliensis | |
| 260 |
_bRubber Research Institute of India, Kottayam, Kerala, India, 97 p. _c2005 |
||
| 650 | _aBreeding | ||
| 650 | _aManual | ||
| 700 | _aSaraswathyamma C.K. | ||
| 942 | _cBS | ||
| 999 |
_c52706 _d52706 |
||